Statistics for Guess the lyrics (#12)

Click here to take the quiz!

General Stats

  • This quiz has been taken 339 times
    (233 since last reset)
  • The average score is 119 of 276

Answer Stats

Answer% Correct
I
99%
a
98%
you
90%
The
88%
the
88%
to
82%
we
82%
We
82%
And
81%
and
81%
when
80%
When
80%
in
79%
me
79%
do
77%
is
75%
it
75%
no
75%
your
71%
on
70%
so
68%
can
64%
Then
61%
of
58%
if
57%
we're
55%
don't
54%
Don't
54%
that
54%
know
53%
time
53%
how
51%
see
51%
all
49%
like
49%
It's
48%
it's
48%
There
48%
but
47%
now
47%
this
46%
say
44%
Just
43%
just
43%
get
42%
up
41%
with
40%
our
39%
need
36%
way
34%
always
32%
dance
32%
got
32%
live
32%
going
31%
let
30%
nothing
29%
right
29%
look
27%
Yeah,
27%
yeah
27%
eye
25%
stop
25%
let's
22%
Let's
22%
over
22%
sing
22%
we'll
22%
there's
21%
There's
21%
wanna
21%
walk
20%
you'll
20%
about
18%
back
18%
move
18%
move,
18%
something
18%
talk
18%
young
18%
fall
17%
keep
17%
'cause
16%
'Cause
16%
thought
16%
nights
15%
that's
15%
being
14%
feeling
14%
seems
14%
stay
14%
tonight
14%
wrong
11%
dancing
10%
break
9%
getting
9%
moment
9%
along
8%
looking
8%
wait
8%
dream
7%
heart's
7%
land
7%
music's
7%
no-one
7%
yourself
7%
started
6%
until
6%
ain't
5%
Ain't
5%
falling
5%
roll
5%
beating
4%
drum
4%
lock
4%
colder
3%
standing
3%
behind
2%
Elton
2%
golden
2%
guard
2%
John
2%
louder
2%
permission
2%
prove
2%
rhythm's
2%
sunrise
2%
worry
2%
faze
1%
fools
1%
plans
1%
vibe
1%

Score Distribution

Percentile by Number Answered

Percent of People with Each Score

Your Score History

You have not taken this quiz since the last reset